Pharmaceutical calculations (Record no. 1958)

MARC details
000 -LEADER
fixed length control field 00607nam a22002297a 4500
003 - CONTROL NUMBER IDENTIFIER
control field OSt
005 - DATE AND TIME OF LATEST TRANSACTION
control field 20260218020002.0
008 - FIXED-LENGTH DATA ELEMENTS--GENERAL INFORMATION
fixed length control field 150602b xxu||||| |||| 00| 0 eng d
020 ## - INTERNATIONAL STANDARD BOOK NUMBER
International Standard Book Number 978-8184739152
020 ## - INTERNATIONAL STANDARD BOOK NUMBER
International Standard Book Number 818473915X
040 ## - CATALOGING SOURCE
Transcribing agency DNLM
082 ## - DEWEY DECIMAL CLASSIFICATION NUMBER
Classification number QV748 A82p 2013
100 ## - MAIN ENTRY--PERSONAL NAME
Personal name Ansel, Howard C
9 (RLIN) 5144
245 ## - TITLE STATEMENT
Title Pharmaceutical calculations
250 ## - EDITION STATEMENT
Edition statement 14th ed.
260 ## - PUBLICATION, DISTRIBUTION, ETC. (IMPRINT)
Place of publication, distribution, etc. Philadelphia;
Name of publisher, distributor, etc. Wolters kluwer,
Date of publication, distribution, etc. 2013
300 ## - PHYSICAL DESCRIPTION
Extent ix;450p;
Other physical details col.ill;
Dimensions 26cm;
504 ## - BIBLIOGRAPHY, ETC. NOTE
Bibliography, etc index included
650 ## - SUBJECT ADDED ENTRY--TOPICAL TERM
Topical term or geographic name as entry element pharmaceutical calculations
9 (RLIN) 5145
650 ## - SUBJECT ADDED ENTRY--TOPICAL TERM
Topical term or geographic name as entry element pharmacy
9 (RLIN) 5146
942 ## - ADDED ENTRY ELEMENTS (KOHA)
Source of classification or shelving scheme Other/Generic Classification Scheme
Koha item type Open Shelf
Koha issues (borrowed), all copies 1
Holdings
Withdrawn status Lost status Source of classification or shelving scheme Damaged status Not for loan Home library Current library Date acquired Source of acquisition Inventory number Total Checkouts Full call number Barcode Checked out Date last seen Date last checked out Koha item type Total Renewals
    Other/Generic Classification Scheme     MUST Main Library MUST Main Library 02/06/2015   14/38090 3 QV748 A82p 2013 2015-1718 30/04/2026 16/04/2026 16/04/2026 Open Shelf  
    Other/Generic Classification Scheme     MUST Main Library MUST Main Library 19/09/2016   14/38092 1 QV748 A82p 2013 2016-4382 30/04/2026 17/02/2026 17/02/2026 Open Shelf  
    Other/Generic Classification Scheme     MUST Main Library MUST Main Library 28/03/2017   14/38091 4 QV748 A82p 2013 2017-0649   01/06/2021 14/05/2021 Open Shelf 1